Bài tập vật lí đại cương T.2

Sparad:
Bibliografiska uppgifter
Huvudupphovsman: Đặng Thị Mai (Chủ biên)
Övriga upphovsmän: Lê Trọng Tường, Nguyễn Phúc Thuần
Materialtyp: Bok
Publicerad: H. Giáo dục 2001
Ämnen:
Taggar: Lägg till en tagg
Inga taggar, Lägg till första taggen!
Thư viện lưu trữ: Trung tâm Học liệu Lê Vũ Hùng, Trường Đại học Đồng Tháp
LEADER 01180pam a22003018a 4500
001 00023679
005 20171026081023.0
008 110628s2001 ||||||Viesd
041 0 # |a Vie 
082 1 # |a 530.076  |b B103T 
100 0 # |a Đặng Thị Mai  |e Chủ biên 
245 0 0 |n T.2  |a Bài tập vật lí đại cương  |c Đặng Thị Mai;Nguyễn Phúc Thuần,Lê Trọng Tường 
260 # # |a H.  |b Giáo dục  |c 2001 
300 # # |a 363tr.  |c 24 cm. 
650 # 7 |2 Vật lý đại cương 
650 |a Bài tập 
653 # # |a Cơ học 
653 # # |a Điện học 
653 # # |a Nhiệt học 
700 0 # |a Lê Trọng Tường 
700 0 # |a Nguyễn Phúc Thuần 
852 # # |b Kho mượn  |j KGT.0005057, KGT.0050315 
852 # # |j KGT.0005057, KGT.0005058, KGT.0005059, KGT.0005060, KGT.0005061, KGT.0005062, KGT.0005063, KGT.0005064  |b Kho giáo trình 
852 # # |j KGT.0005058  |j KGT.0005059  |j KGT.0005061  |j KGT.0005062  |j KGT.0050315  |j KGT.0005064  |j KGT.0005057  |j KGT.0005060  |j KGT.0005063 
910 # # |d 28/06/2011 
980 # # |a Trung tâm Học liệu Lê Vũ Hùng, Trường Đại học Đồng Tháp